Ráérezni az együtténeklés varázsára utóhang a gyermek- és ifjúsági kórusok XIII. Csengő Énekszó országos fesztiváljához

Bibliographic Details
Main Authors: Gyepes, Aranka, 1952- (Author, Interviewer), Duka Zólyomi, Emese, 1944-2017 (Author)
Format: Article
Language:Hungarian
PhysicalDescription:Fotogr.
ISSN:1335-6631
Subjects:

MARC

LEADER 00000nab a2200000 ar4500
001 vtls009004107
003 SK-MaSNL
005 20260319071304.0
008 070608c2007 xo |||||||| 000 b|hun
015 |a SNBRB2007/06  |2 snkbucl 
038 |a SNKBUCL 
040 |a DSZK  |b slo  |c DSZK  |e AACR2 
041 0 |a hun 
044 |a xo  |c SK 
080 |a 78.079:78.087.681  |x (=511.141)  |x (437.6)  |2 1997 
080 |a 78.087.681  |x (=511.141)  |x (437.6)  |2 1997 
100 1 |a Gyepes, Aranka,  |d 1952-  |4 ivr  |4 aut  |9 572395 
245 1 0 |a Ráérezni az együtténeklés varázsára  |b utóhang a gyermek- és ifjúsági kórusok XIII. Csengő Énekszó országos fesztiváljához  |c Gyepes Aranka, Duka-Zólyomi Emese 
300 |b Fotogr. 
611 2 7 |a Csengő Énekszó  |n (13. :  |d 2007 :  |c Nové Zámky, Slovensko)  |2 snkbucl  |9 1033119 
648 7 |a 2007  |2 snkbucl  |9 313226 
651 7 |a Nové Zámky (Slovensko)  |2 snkbucl  |9 15884 
700 1 |a Duka Zólyomi, Emese,  |d 1944-2017  |4 ive  |4 aut  |9 170818 
773 0 |t Szabad újság  |g Évf. XV, sz. 23 (2007), o. 9  |x 1335-6631 
852 |a SNK  |b KIS3GCP 
852 |a DSZK  |b KIS3GCP 
958 |a HU 
958 |a SK 
999 |c 1751941  |d 1753871